[Event "Chess Training #001"]
[Site "SchemingMind.com"]
[Date "2009.12.23"]
[Round "-"]
[White "Naoki_M"]
[Black "BigDaddy"]
[Result "1-0"]
[WhiteCountry "JPN"]
[BlackCountry "AUT"]
[WhiteElo "1732"]
[WhiteRD "106"]
[BlackElo "1336"]
[BlackRD "50"]
[GameID "232131"]

1. d4 Nf6 2. Nf3 d5 3. Bf4 Bf5 4. Nc3 e6 5. e3 Bb4 6. a3 Bxc3+ 7. bxc3 O-O 8. Ne5 Nbd7 9. Bd3 Nxe5 10. Bxe5 Bxd3
11. cxd3 Nd7 12. O-O Nxe5 13. dxe5 c6 14. d4 Qd7 15. f4 Qe7 16. Qg4 g6 17. Rf3 h5 18. Qg5 Qxg5 19. fxg5 a6 20. Rf4 b5
21. g4 hxg4 22. Rxg4 Rfd8 23. Kf2 Kf8 24. Rh1 Rab8 25. h4 Ke7 26. h5 Rh8 27. h6 Rh7 28. Ke2 a5 29. Kd2 a4 30. Rb1 Kd7
31. c4 dxc4 32. Kc3 Rb6 33. Kb4 Ke7 34. Kc5 Ra6 35. e4 Kd7 36. d5 cxd5 37. exd5 exd5 38. Kxd5 c3 39. Rxb5 c2 40. Rc4 c1=Q
41. Rxc1 Ra8 42. Rc4 Ke7 43. Rbb4 Rd8+ 44. Ke4 Ke6 45. Rxa4 Rd5 46. Rc6+ Ke7 47. Kxd5 Kd7 48. Ra7+ Kd8 49. Kd6 Rh8 50. Ra8#
1-0

[Event "Chess Training #001"]
[Site "SchemingMind.com"]
[Date "2009.12.23"]
[Round "-"]
[White "BigDaddy"]
[Black "Naoki_M"]
[Result "0-1"]
[WhiteCountry "AUT"]
[BlackCountry "JPN"]
[WhiteElo "1336"]
[WhiteRD "50"]
[BlackElo "1732"]
[BlackRD "106"]
[GameID "232137"]

1. e4 e5 2. Nf3 Nc6 3. Bb5 Bc5 4. O-O Nd4 5. Nxe5 Nxb5 6. Qf3 Nf6 7. d3 d6 8. Qg3 Nh5 9. Qf3 dxe5 10. Qxh5 Nd4
11. Qxe5+ Ne6 12. Nc3 O-O 13. Bd2 Re8 14. Qh5 c6 15. Be3 Qe7 16. Bxc5 Nxc5 17. Qf3 b5 18. b4 Ne6 19. a3 Nd4 20. Qg3 Nxc2
21. Rac1 Nd4 22. Qe3 Rd8 23. g3 Bg4 24. Rfe1 Nf3+ 25. Kg2 Nxe1+ 26. Rxe1 Qe5 27. Ne2 Bxe2 28. Qxe2 Re8 29. f4 Qc3 30. Ra1 Qxa1
0-1

[Event "Chess Training #001"]
[Site "SchemingMind.com"]
[Date "2009.12.30"]
[Round "-"]
[White "blob"]
[Black "lame wolf"]
[Result "1-0"]
[WhiteCountry "ENG"]
[BlackCountry "INT"]
[WhiteElo "1846"]
[WhiteRD "138"]
[BlackElo "1052"]
[BlackRD "44"]
[GameID "232961"]

1. Nc3 g5 2. e4 h6 3. Be2 Bg7 4. Nh3 d6 5. Bh5 Nd7 6. O-O Ndf6 7. Bf3 g4 8. Bxg4 Bxg4 9. Qe1 Be6 10. d3 c6
11. Nf4 d5 12. Nxe6 fxe6 13. Qe3 b6 14. Qg3 Rh7 15. e5 Nd7 16. Qg6+ Kf8 17. Qxh7 Qe8 18. Ne4 Qf7 19. d4 h5 20. Ng5
1-0

[Event "Chess Training #001"]
[Site "SchemingMind.com"]
[Date "2009.12.30"]
[Round "-"]
[White "lame wolf"]
[Black "blob"]
[Result "0-1"]
[WhiteCountry "INT"]
[BlackCountry "ENG"]
[WhiteElo "1052"]
[WhiteRD "44"]
[BlackElo "1846"]
[BlackRD "138"]
[GameID "232968"]

1. Nf3 Nc6 2. e4 Nf6 3. d3 e5 4. Be3 Bd6 5. d4 Nxe4 6. Nbd2 Nxd2 7. Nxd2 Nxd4 8. Bxd4 exd4 9. Bd3 Be5 10. O-O d6
11. Ne4 d5 12. Nd2 Qh4 13. Nf3 Qh5 14. Nxe5 Bg4 15. Nxg4 O-O 16. Be2 Rae8 17. Bf3 Qg5 18. Re1 c5 19. Re5 Rxe5 20. Nxe5 Qxe5
21. c3 b6 22. cxd4 cxd4 23. h3 g6 24. Qe2 Qd6 25. b3 Qc5 26. Qd1 Rd8 27. Rc1 Qa3 28. g4 Qxa2 29. Qc2 Qa3 30. Kg2 d3
31. Qd2 Qxb3 32. Qc3 Qc4 33. Qxc4 dxc4 34. Rxc4 d2 35. Bd1 Rd6 36. Kf3 a5 37. Ke2 b5 38. Re4 a4 39. Rb4 Rd5 40. f4 f5
41. gxf5 gxf5 42. Kf3 Kg7 43. h4 Kf6 44. Ke3 Ke6 45. Rd4 Kd6 46. Rxd5+ Kxd5 47. Kxd2 Ke4 48. Kc2 Kxf4 49. Kb2 Kg3 50. Ka3 Kxh4
51. Kb4 f4 52. Kxb5 a3
0-1

[Event "Chess Training #001"]
[Site "SchemingMind.com"]
[Date "2010.01.04"]
[Round "-"]
[White "Henry G-R"]
[Black "sidra"]
[Result "0-1"]
[WhiteCountry "ENG"]
[BlackCountry "HUN"]
[WhiteElo "1170"]
[WhiteRD "98"]
[BlackElo "1656"]
[BlackRD "100"]
[GameID "233398"]

1. e4 e5 2. Nf3 d6 3. h3 Nf6 4. b3 Nxe4 5. d3 Nf6 6. Bg5 Be7 7. Be2 h6 8. Bh4 O-O 9. O-O c5 10. Nc3 a6
11. a3 Nc6 12. b4 cxb4
0-1

[Event "Chess Training #001"]
[Site "SchemingMind.com"]
[Date "2010.01.04"]
[Round "-"]
[White "sidra"]
[Black "Henry G-R"]
[Result "1-0"]
[WhiteCountry "HUN"]
[BlackCountry "ENG"]
[WhiteElo "1656"]
[WhiteRD "100"]
[BlackElo "1170"]
[BlackRD "98"]
[GameID "233405"]

1. d4 Nf6 2. c4 e6 3. a3 h6 4. e3 g6 5. Bd3 d5 6. c5 b6 7. cxb6 axb6 8. Nc3 c6 9. f3 Bd6 10. Nge2 Nbd7
11. O-O O-O 12. b4 c5 13. bxc5
1-0

[Event "Chess Training #001"]
[Site "SchemingMind.com"]
[Date "2010.01.05"]
[Round "-"]
[White "sicilianchameleon"]
[Black "lkiriakos"]
[Result "0-1"]
[WhiteCountry "USA"]
[BlackCountry "USA"]
[WhiteElo "1465"]
[WhiteRD "121"]
[BlackElo "1911"]
[BlackRD "108"]
[GameID "233642"]

1. c4 Nf6 2. Nf3 g6 3. d4 Bg7 4. Nc3 O-O 5. Bg5 d6 6. e3 Nbd7 7. Be2 c5 8. O-O cxd4 9. exd4 b6 10. Qc2 Bb7
11. Rfd1 Rc8 12. b3 d5 13. Bc1 dxc4 14. Bxc4 a6 15. a4 Bxf3 16. gxf3 Qc7 17. Qe2 e6 18. Ba3 Rfe8 19. Ne4 Qb7 20. Nd6 Qa8
21. Nxe8 Rxe8 22. Bxa6 e5 23. Qd3 exd4 24. Bb2 Ne5 25. Qb5 Nxf3+ 26. Kh1 Nh4+ 27. Kg1 Qg2#
0-1

[Event "Chess Training #001"]
[Site "SchemingMind.com"]
[Date "2010.01.05"]
[Round "-"]
[White "lemmie"]
[Black "spoke"]
[Result "1-0"]
[WhiteCountry "NED"]
[BlackCountry "GER"]
[WhiteElo "1630"]
[WhiteRD "48"]
[BlackElo "1776"]
[BlackRD "57"]
[GameID "233643"]

1. e4 e5 2. Nf3 Nc6 3. Bc4 Nf6 4. c3 d5 5. exd5 Nxd5 6. O-O Be6 7. d3 Bd6 8. Nbd2 O-O 9. Ne4 Re8 10. Nxd6 cxd6
11. Bb3 Qb6 12. Ng5 h6 13. Nxe6 Rxe6 14. Bxd5 Rf6 15. b3 Ne7 16. Be3
1-0

[Event "Chess Training #001"]
[Site "SchemingMind.com"]
[Date "2010.01.05"]
[Round "-"]
[White "lkiriakos"]
[Black "sicilianchameleon"]
[Result "1-0"]
[WhiteCountry "USA"]
[BlackCountry "USA"]
[WhiteElo "1911"]
[WhiteRD "108"]
[BlackElo "1465"]
[BlackRD "121"]
[GameID "233654"]

1. Nf3 c5 2. g3 d5 3. Bg2 Nf6 4. O-O Nc6 5. d3 Bg4 6. Nbd2 e6 7. c4 d4 8. Ng5 Qc7 9. Nge4 Be7 10. Re1 e5
11. Nxf6+ gxf6 12. Rf1 f5 13. f3 Bh5 14. f4 exf4 15. Rxf4 Qe5 16. Nf3 Bxf3 17. Bxf3 Nd8 18. Bd5 Ne6 19. Rf2 O-O-O 20. Qf1 Ng7
21. Qg2 Rxd5 22. cxd5 Rd8 23. Bf4 Qf6 24. Rc1
1-0

[Event "Chess Training #001"]
[Site "SchemingMind.com"]
[Date "2010.01.05"]
[Round "-"]
[White "spoke"]
[Black "lemmie"]
[Result "1-0"]
[WhiteCountry "GER"]
[BlackCountry "NED"]
[WhiteElo "1776"]
[WhiteRD "57"]
[BlackElo "1630"]
[BlackRD "48"]
[GameID "233655"]

1. e4 e5 2. Nf3 Nc6 3. Bc4 Bc5 4. c3 d6 5. d4 exd4 6. cxd4 Bb4+ 7. Nc3 Nf6 8. O-O O-O 9. Bg5 h6 10. Bh4 Bg4
11. Qd3 a6 12. Nd5 Qd7 13. Bxf6 Ba5 14. Bh4 Bxf3 15. Qxf3 Nxd4 16. Qg3 Kh8 17. Rad1 c5 18. b4 Bd8 19. Bxd8 Raxd8 20. bxc5 dxc5
21. Qe3 Qg4 22. h3 Qg6 23. Ne7 Qf6 24. Nf5 Nxf5 25. exf5 Qxf5 26. Qb3 b5 27. Rxd8 Rxd8 28. Bxf7 c4 29. Qf3 Qc2 30. Qa3 Qf5
31. Qe7 Qd7 32. Re1 c3 33. Bg6 Qxe7 34. Rxe7 b4 35. Ra7 Rb8 36. Rxa6 Kg8 37. Kf1 Kf8 38. Ra7 b3 39. axb3 Rxb3 40. Rc7 Ra3
41. Rf7+ Kg8 42. Re7
1-0

[Event "Chess Training #001"]
[Site "SchemingMind.com"]
[Date "2010.01.08"]
[Round "-"]
[White "simon_w"]
[Black "Schaakmaatje"]
[Result "0-1"]
[WhiteCountry "IRL"]
[BlackCountry "NED"]
[WhiteElo "1912"]
[WhiteRD "83"]
[BlackElo "1724"]
[BlackRD "49"]
[GameID "233890"]

1. e4 e6 2. d4 d5 3. Nd2 Nf6 4. e5 Nfd7 5. Bd3 c5 6. c3 Nc6 7. Ne2 cxd4 8. cxd4 Be7 9. O-O O-O 10. Nf3 f6
11. exf6 Nxf6 12. Ng3 Bd7 13. a3 Rc8 14. Be3 Ng4 15. Rc1 e5 16. dxe5 Ncxe5 17. Nxe5 Nxe5 18. Rxc8 Bxc8 19. Bxa7 Qa5 20. Bd4 Nxd3
21. Qxd3 Bd7 22. Bc3 Qb5 23. Qe3 Re8 24. Qd2 Bc6 25. Nf5 Bf8 26. Bxg7 Bxg7 27. Qg5 Qxb2 28. h3 Qe5
0-1

[Event "Chess Training #001"]
[Site "SchemingMind.com"]
[Date "2010.01.08"]
[Round "-"]
[White "sabolaGM"]
[Black "Darnell"]
[Result "1-0"]
[WhiteCountry "HUN"]
[BlackCountry "CAN"]
[WhiteElo "1811"]
[WhiteRD "124"]
[BlackElo "1469"]
[BlackRD "63"]
[GameID "233891"]

1. e4 e5 2. Nf3 Nc6 3. Bc4 Nf6 4. d3 Bc5 5. O-O h6 6. c3 d6 7. b4 Bb6 8. a4 a5 9. Nbd2 axb4 10. cxb4 Bg4
11. Qb3 Qd7 12. Bb2 O-O 13. a5 Ba7 14. b5 Nxa5 15. Rxa5 Bxf2+ 16. Rxf2 Rxa5 17. d4 Bxf3 18. Qxf3
1-0

[Event "Chess Training #001"]
[Site "SchemingMind.com"]
[Date "2010.01.07"]
[Round "-"]
[White "David Hartley"]
[Black "PStuart"]
[Result "1-0"]
[WhiteCountry "ENG"]
[BlackCountry "USA"]
[WhiteElo "1842"]
[WhiteRD "66"]
[BlackElo "1790"]
[BlackRD "71"]
[GameID "233892"]

1. e4 d5 2. exd5 Qxd5 3. Nc3 Qa5 4. d4 c6 5. Nf3 Bf5 6. Bc4 Nf6 7. Bd2 e6 8. Qe2 Bb4 9. O-O-O Nbd7 10. a3 Bxc3
11. Bxc3 Qd8 12. Rhe1 O-O 13. Bd3 Bxd3 14. Rxd3 Nd5 15. Bd2 N7f6 16. Bg5 h6 17. Bh4 Nf4 18. Qd2 Nxd3+ 19. Qxd3 Re8 20. Ne5 Qe7
21. Ng4 Red8 22. Bxf6
1-0

[Event "Chess Training #001"]
[Site "SchemingMind.com"]
[Date "2010.01.12"]
[Round "-"]
[White "jl1234"]
[Black "Alikabok"]
[Result "0-1"]
[WhiteCountry "POL"]
[BlackCountry "PHI"]
[WhiteElo "1801"]
[WhiteRD "71"]
[BlackElo "1894"]
[BlackRD "124"]
[GameID "233893"]

1. e4 Nf6 2. Nc3 d5 3. exd5 Nxd5 4. Nxd5 Qxd5 5. Qf3 Qa5 6. Bc4 e6 7. Nh3 Nd7 8. O-O c6 9. d4 Be7 10. Qf4 O-O
11. Qg3 Re8 12. Ng5 Nf8 13. Rd1 Bd7 14. Ne4 Qh5 15. Bg5 Bxg5 16. Nxg5 Red8 17. Re1 Ng6 18. Qe3 Nf8 19. Qf4 h6 20. Nf3 Be8
21. Re5 Qg6 22. Bd3 Qf6 23. Qxf6 gxf6 24. Rh5 Kg7 25. Ra5 Ng6 26. g3 Ne7 27. Re1 Rd5 28. Ra3 Nf5 29. Re4 h5 30. c4 Rdd8
31. Rf4 Ne7 32. Bc2 Ng6 33. Re4 f5 34. Re2 a6 35. Rd3 Rd6 36. Red2 Rad8 37. Re3 Kf6 38. Bd1 c5 39. Red3 b5 40. b3 Bc6
41. Ne5 Be4 42. Nxg6 fxg6 43. Re3 Rxd4 44. Rxd4 Rxd4 45. Be2 b4
0-1

[Event "Chess Training #001"]
[Site "SchemingMind.com"]
[Date "2010.01.12"]
[Round "-"]
[White "Schaakmaatje"]
[Black "simon_w"]
[Result "0-1"]
[WhiteCountry "NED"]
[BlackCountry "IRL"]
[WhiteElo "1762"]
[WhiteRD "46"]
[BlackElo "1924"]
[BlackRD "81"]
[GameID "233897"]

1. b4 e6 2. Bb2 Nf6 3. a3 d5 4. d3 Nbd7 5. g3 b6 6. Bg2 Bb7 7. Nf3 c5 8. c4 dxc4 9. dxc4 cxb4 10. axb4 Bxb4+
11. Bc3 Be7 12. O-O O-O 13. Na3 Bxa3 14. Rxa3 Qc7 15. Bb4 Rfd8 16. Qd4 Nc5 17. Qh4 Nce4 18. Ng5 Nxg5 19. Qxg5 Bxg2 20. Kxg2 a5
21. Bc3 h6 22. Qh4 Qe7 23. Rb3 Rab8 24. Be5 Rb7 25. Bxf6 Qxf6 26. Qxf6 gxf6 27. Rfb1 Rc8 28. Rxb6 Rxb6 29. Rxb6 Rxc4 30. Ra6 Rc5
31. Ra7 f5 32. e3 Kg7 33. Kf3 Kg6 34. h4 h5 35. Kg2 f6 36. Kf3 e5 37. Ke2 f4 38. exf4 exf4 39. Ra6 fxg3 40. fxg3 Kf5
41. Kd2 Kg4 42. Rxf6 Kxg3 43. Rd6 Kxh4 44. Ra6 Kg4
0-1

[Event "Chess Training #001"]
[Site "SchemingMind.com"]
[Date "2010.01.07"]
[Round "-"]
[White "Darnell"]
[Black "sabolaGM"]
[Result "0-1"]
[WhiteCountry "CAN"]
[BlackCountry "HUN"]
[WhiteElo "1469"]
[WhiteRD "63"]
[BlackElo "1811"]
[BlackRD "124"]
[GameID "233898"]

1. e4 e6 2. d4 d5 3. Nc3 Nf6 4. Bg5 Be7 5. e5 Nfd7 6. Bxe7 Qxe7 7. Qg4 f5 8. Qh5+ Qf7 9. Qxf7+ Kxf7 10. Nce2 Nb6
11. f4 Nc4 12. Nc3 Ne3 13. Nf3 Nxc2+
0-1

[Event "Chess Training #001"]
[Site "SchemingMind.com"]
[Date "2010.01.07"]
[Round "-"]
[White "PStuart"]
[Black "David Hartley"]
[Result "1-0"]
[WhiteCountry "USA"]
[BlackCountry "ENG"]
[WhiteElo "1790"]
[WhiteRD "71"]
[BlackElo "1842"]
[BlackRD "66"]
[GameID "233899"]

1. d4 d5 2. Bf4 Nf6 3. e3 e6 4. Bd3 c5 5. c3 Nc6 6. Nf3 Be7 7. Nbd2 Nh5 8. Be5 c4 9. Bc2 O-O 10. Qe2 g6
11. Bf4 Nxf4 12. exf4 Bf6 13. Ne5 Qc7 14. Ndf3 Bg7 15. g3 Re8 16. O-O-O f6 17. Nxc6 bxc6 18. h4 Kf7 19. h5 Rh8 20. hxg6+ hxg6
21. Rxh8 Bxh8 22. Rh1 Bg7 23. Qf1 Bd7 24. Rh7 f5 25. Qh3 Kg8 26. Ne5 Be8 27. g4 Bf7 28. Rh4 Re8 29. Ba4 Bxe5 30. fxe5 Kf8
31. Rh7 Qc8 32. Qh6+
1-0

[Event "Chess Training #001"]
[Site "SchemingMind.com"]
[Date "2010.01.08"]
[Round "-"]
[White "Alikabok"]
[Black "jl1234"]
[Result "1-0"]
[WhiteCountry "PHI"]
[BlackCountry "POL"]
[WhiteElo "1923"]
[WhiteRD "122"]
[BlackElo "1780"]
[BlackRD "75"]
[GameID "233900"]

1. d4 c5 2. e4 cxd4 3. Qxd4 Nc6 4. Qd1 e5 5. a3 Bc5 6. Nf3 Nf6 7. Bg5 h6 8. Bh4 Qa5+ 9. Qd2 Qb6 10. Nc3 Be7
11. b4 a6 12. Bc4 Qd8 13. O-O O-O 14. Rfe1 d6 15. Bxf6 Bxf6 16. Rad1 Nd4 17. Nxd4 exd4 18. Nd5 Be5 19. f4 Bf6 20. Nxf6+ Qxf6
21. Rf1 Bg4 22. Rde1 Rac8 23. Bd3 Rc3 24. a4 Rfc8 25. h3 Be6 26. Rf3 Qh4 27. Ref1 Bc4 28. Bxc4 R3xc4 29. a5 Qe7 30. e5 d5
31. Rb3 Qe6 32. Rc1 Qf5 33. Rd3 Qe4 34. Re1 Qg6 35. Rc1 Qe4 36. Kh2 Qg6 37. g3 Kf8 38. h4 Rc3 39. Kg2 Qe4+ 40. Kh3 Rxd3
41. cxd3 Qf5+ 42. Kg2 Ke8 43. Rc5 Rxc5 44. bxc5 Kd7 45. Qc2 Qg6 46. Qa4+ Qc6 47. Qxd4 Ke6 48. g4 g6 49. Kg3 Qd7 50. Kf3 Qd8
51. Qb4 Qxh4 52. Qb6+ Ke7 53. Qxb7+ Kf8 54. Qc8+ Kg7 55. Qxa6 Qh1+ 56. Ke3 Qg1+ 57. Kd2 Qxc5 58. Qb6 Qa3 59. Ke3 Qc1+ 60. Kd4 Qxf4+
61. Kxd5 Qf3+ 62. Kc4 Qf4+ 63. d4 Qf1+ 64. Kc5 Qc1+ 65. Kd5 Qa3 66. a6 Qf3+ 67. Kd6 Qa3+ 68. Kd7 Qa4+ 69. Kc7 Qc4+ 70. Kd6 Qe6+
71. Kc5 Qe7+ 72. Kc4 Qd7 73. a7 Qa4+ 74. Kc5 Qa3+ 75. Kc6 Qa4+ 76. Kc7 Qe8 77. Qf6+
1-0

[Event "Chess Training #001"]
[Site "SchemingMind.com"]
[Date "2010.01.15"]
[Round "-"]
[White "maro"]
[Black "jtrochez1"]
[Result "0-1"]
[WhiteCountry "MEX"]
[BlackCountry "HON"]
[WhiteElo "1286"]
[WhiteRD "59"]
[BlackElo "1551"]
[BlackRD "51"]
[GameID "234573"]

1. d4 d5 2. Nc3 e6 3. e3 a6 4. Nf3 Nc6 5. e4 Nge7 6. e5 Ng6 7. a3 Be7 8. Be2 O-O 9. O-O Bd7 10. Bd2 f5
11. exf6 Bxf6 12. Be3 Nce7 13. Bg5 b5 14. b4 h6 15. Bxf6 Rxf6 16. Ne5 Nxe5 17. dxe5 Rf8 18. Bd3 Be8 19. Ne2 Bh5 20. c3 c6
21. Qd2 Ng6 22. Ng3 Nxe5 23. Be2 Bxe2 24. Qxe2 Qd6 25. f3 Nc4 26. a4 Rf4 27. Rad1 Re8 28. Nh5 Rf7 29. axb5 cxb5
0-1

[Event "Chess Training #001"]
[Site "SchemingMind.com"]
[Date "2010.01.15"]
[Round "-"]
[White "jtrochez1"]
[Black "maro"]
[Result "1-0"]
[WhiteCountry "HON"]
[BlackCountry "MEX"]
[WhiteElo "1589"]
[WhiteRD "51"]
[BlackElo "1257"]
[BlackRD "58"]
[GameID "234580"]

1. e4 e5 2. Nf3 Nf6 3. d3 Bc5 4. h3 Bxf2+ 5. Kxf2 O-O 6. Bg5 h6 7. Bh4 g5 8. Bxg5 hxg5 9. Nxg5 d6 10. Nc3 c6
11. Qc1 Nh7 12. h4 Qf6+ 13. Ke1 Qg6 14. Qe3 f5 15. Nxh7 Qxh7 16. Qg5+ Qg7 17. g3 f4 18. Qxg7+ Kxg7 19. Rg1 f3 20. Kf2 Bg4
21. Nd1 Nd7 22. Ne3 Nf6 23. c3 Rf7 24. Rh1 d5 25. Bh3 Bxh3 26. Rxh3 d4 27. Nf5+ Kh7 28. Kxf3 Rg8 29. Rg1 Nh5 30. Kf2 Rg6
31. c4 c5 32. b3 b6 33. a3 a5 34. g4 Nf4 35. Rf3
1-0

[Event "Chess Training #001"]
[Site "SchemingMind.com"]
[Date "2010.01.10"]
[Round "-"]
[White "agentofchaos"]
[Black "MOIMOI"]
[Result "0-1"]
[WhiteCountry "AUS"]
[BlackCountry "POL"]
[WhiteElo "1464"]
[WhiteRD "76"]
[BlackElo "1599"]
[BlackRD "54"]
[GameID "234581"]

1. e4 b6 2. d4 d5 3. Nc3 Bb7 4. e5 c5 5. Nf3 cxd4 6. Nxd4 e6 7. Bb5+ Nd7 8. O-O Bc5 9. Nc6 Bxc6 10. Bxc6 Rc8
11. Bb5 h6 12. Bf4 Ne7 13. Re1 Ra8 14. a3 Nf5 15. Bxd7+ Qxd7 16. b4 Bd4 17. Qd3 Rc8 18. Bd2 Rc4 19. Rad1 Qc7 20. Nb1 Bxe5
21. Re2 Rxc2 22. g3 Rc4 23. Rde1 Rd4 24. Qf3 Bf6 25. Bc3 Rc4 26. Bxf6 gxf6 27. Qd3 h5 28. Nd2 Rc1 29. Nf3 Rg8 30. Qb5+ Ke7
31. Qa4 h4 32. Kf1 hxg3 33. fxg3 a5 34. Qb5 Nd6 35. Qd3 Ne4 36. Qe3 Qc4 37. Nd2 Rxe1+ 38. Kxe1 Qc1#
0-1

[Event "Chess Training #001"]
[Site "SchemingMind.com"]
[Date "2010.01.11"]
[Round "-"]
[White "NAZRIZ1977"]
[Black "Frenchy"]
[Result "1-0"]
[WhiteCountry "WLS"]
[BlackCountry "CAN"]
[WhiteElo "1840"]
[WhiteRD "62"]
[BlackElo "1832"]
[BlackRD "76"]
[GameID "234661"]

1. c4 e5 2. Nc3 Nf6 3. g3 Bb4 4. Bg2 O-O 5. Nf3 Nc6 6. O-O e4 7. Ne1 Bxc3 8. dxc3 h6 9. Nc2 Re8 10. Ne3 d6
11. Qc2 a5 12. Rb1 Qe7 13. Nd5 Nxd5 14. cxd5 Nb8 15. c4 c6 16. Rd1 cxd5 17. Rxd5 Be6 18. Rd4 Bf5 19. Bf4 Rd8 20. Rbd1 Nc6
21. Rxd6 Rxd6 22. Bxd6 Qe6 23. e3 Rd8 24. Bc5 Rxd1+ 25. Qxd1 Qxc4 26. Bd4
1-0

[Event "Chess Training #001"]
[Site "SchemingMind.com"]
[Date "2010.01.11"]
[Round "-"]
[White "Frenchy"]
[Black "NAZRIZ1977"]
[Result "0-1"]
[WhiteCountry "CAN"]
[BlackCountry "WLS"]
[WhiteElo "1594"]
[WhiteRD "59"]
[BlackElo "1805"]
[BlackRD "56"]
[GameID "234666"]

1. e4 c6 2. d4 d5 3. e5 c5 4. dxc5 e6 5. Be3 Nh6 6. c3 Nd7 7. Bb5 Nf5 8. Bd4 a6 9. Ba4 Be7 10. Nf3 O-O
11. b4 a5 12. O-O axb4 13. Bxd7 Bxd7 14. cxb4 Ra4 15. a3 Qa8 16. Qb3 b6 17. Nc3 Nxd4 18. Nxd4 bxc5 19. Nxa4 Bxa4 20. Qc3 cxd4
21. Qxd4 Qb7 22. Rac1 Bd8
0-1

[Event "Chess Training #001"]
[Site "SchemingMind.com"]
[Date "2010.01.13"]
[Round "-"]
[White "greggglen"]
[Black "Orange Lion"]
[Result "0-1"]
[WhiteCountry "USA"]
[BlackCountry "NED"]
[WhiteElo "1340"]
[WhiteRD "105"]
[BlackElo "2413"]
[BlackRD "84"]
[GameID "234844"]

1. e4 e6 2. e5 d5 3. exd6 Bxd6 4. d4 Nf6 5. Nc3 O-O 6. Nf3 c5 7. Bd3 cxd4 8. Nxd4 e5 9. Ndb5 Bb4 10. Bd2 a6
11. Na3 e4 12. Nxe4 Nxe4 13. Bxb4 Qb6 14. Bxe4 Qxb4+ 15. c3 Qxe4+ 16. Kf1 Nc6 17. f3 Qg6 18. g4 Be6 19. h4 Rad8 20. Qe1 Rd3
21. Qe2 Ne5 22. h5 Qg5 23. Rh2 Rxf3+ 24. Kg1 Bd5 25. c4 Rg3+ 26. Kf1 Nxg4 27. Rf2 Nh2+ 28. Rxh2 Rg1+ 29. Kf2 Qg3#
0-1

[Event "Chess Training #001"]
[Site "SchemingMind.com"]
[Date "2010.01.13"]
[Round "-"]
[White "Orange Lion"]
[Black "greggglen"]
[Result "1-0"]
[WhiteCountry "NED"]
[BlackCountry "USA"]
[WhiteElo "2413"]
[WhiteRD "84"]
[BlackElo "1340"]
[BlackRD "105"]
[GameID "234847"]

1. e4 e5 2. f4 Nc6 3. Nf3 exf4 4. d4 Bb4+ 5. c3 Ba5 6. Nbd2 Nf6 7. d5 Ne7 8. Nc4 b6 9. d6 Ng6 10. e5 Ne4
11. Qd5 c6 12. Qxe4 Bb7 13. b4 b5 14. Nxa5 Qc8 15. h4 O-O 16. h5 Ne7 17. dxe7 Re8 18. Ng5 g6 19. hxg6 fxg6 20. Rxh7 Rxe7
21. Qxg6+ Rg7 22. Qxg7#
1-0

[Event "Chess Training #001"]
[Site "SchemingMind.com"]
[Date "2010.02.10"]
[Round "-"]
[White "reo"]
[Black "lkiriakos"]
[Result "0-1"]
[WhiteCountry "THA"]
[BlackCountry "USA"]
[WhiteElo "1809"]
[WhiteRD "76"]
[BlackElo "1864"]
[BlackRD "87"]
[GameID "238522"]

1. d4 Nf6 2. c4 g6 3. Nc3 Bg7 4. e4 d6 5. Be2 O-O 6. Nf3 e5 7. Be3 Ng4 8. Bg5 f6 9. Bh4 g5 10. Bg3 Nh6
11. d5 Nd7 12. h3 f5 13. Nd2 fxe4 14. Ndxe4 Nf5 15. Bh2 h6 16. Qd2 Nf6 17. Nxf6+ Qxf6 18. g3 Nd4 19. Bg1 Bd7 20. f4 exf4
21. g4 f3 22. Bd3 Rae8+ 23. Kf2 Re2+ 24. Nxe2 fxe2+ 25. Kg2 Qf3+ 26. Kh2 Be5+ 27. Qf4 Bxf4#
0-1

[Event "Chess Training #001"]
[Site "SchemingMind.com"]
[Date "2010.02.10"]
[Round "-"]
[White "lkiriakos"]
[Black "reo"]
[Result "0-1"]
[WhiteCountry "USA"]
[BlackCountry "THA"]
[WhiteElo "1864"]
[WhiteRD "87"]
[BlackElo "1809"]
[BlackRD "76"]
[GameID "238528"]

1. Nf3 e6 2. g3 b6 3. Bg2 Bb7 4. c4 Nf6 5. d4 Be7 6. O-O O-O 7. Nc3 d5 8. Ne5 Nbd7 9. Nxd7 Qxd7 10. Bf4 Rac8
11. Nb5 a6 12. Nxc7 Rxc7 13. Bxc7 Qxc7 14. cxd5 Nxd5 15. Rc1 Qd7 16. a3 a5 17. Qd2 b5 18. Bxd5 Qxd5 19. f3 b4 20. Qd3 Bf6
21. Rfd1 Rd8 22. Rc7 Rb8 23. Rdc1 Bxd4+ 24. Kf1 e5 25. Qc2 g6 26. axb4 axb4 27. Qa4 Qd6 28. Qb5 Bb6 29. Rd7 Qf6 30. Ke1 Bxf3
0-1

[Event "Chess Training #001"]
[Site "SchemingMind.com"]
[Date "2010.02.15"]
[Round "-"]
[White "Clive Everill"]
[Black "blob"]
[Result "1-0"]
[WhiteCountry "CZE"]
[BlackCountry "ENG"]
[WhiteElo "1684"]
[WhiteRD "50"]
[BlackElo "1751"]
[BlackRD "131"]
[GameID "238993"]

1. e4 e5 2. Nc3 Nf6 3. f4 exf4 4. Nf3 d6 5. Bc4 Qe7 6. d3 c6 7. Bxf4 d5 8. Bb3 dxe4 9. Ne5 Be6 10. Bxe6 Qxe6
11. Nxe4 Nbd7 12. Nxd7 Nxd7 13. O-O Nc5 14. Re1 Be7 15. Nxc5 Qf5 16. Bd6 b6 17. Rxe7+ Kd8 18. Ne4 Re8 19. Rxe8+ Kxe8 20. Qe2 Kd7
21. Rf1 Qd5 22. Qg4+ Qe6 23. Qxg7 c5 24. Rxf7+ Kc6 25. Rc7+ Kb5 26. c4+ Ka6 27. Qc3 b5 28. Nxc5+ Kb6 29. Nxe6 Re8 30. Qd4+ Ka5
31. Rxa7#
1-0

[Event "Chess Training #001"]
[Site "SchemingMind.com"]
[Date "2010.02.16"]
[Round "-"]
[White "blob"]
[Black "Clive Everill"]
[Result "0-1"]
[WhiteCountry "ENG"]
[BlackCountry "CZE"]
[WhiteElo "1711"]
[WhiteRD "125"]
[BlackElo "1664"]
[BlackRD "50"]
[GameID "238999"]

1. Nf3 Nc6 2. e4 f5 3. exf5 d5 4. Bd3 Nb4 5. Qe2 Nf6 6. O-O Nxd3 7. Qxd3 e6 8. fxe6 Bxe6 9. Nc3 Be7 10. Qd4 O-O
11. d3 c5 12. Qe5 Bf7 13. Ng5 Bd6 14. Nxf7 Rxf7 15. Qe2 Re7 16. Qd1 Qc7 17. g3 Rae8 18. Bg5 Re6 19. Bxf6 gxf6 20. Nxd5 Qc6
21. Nf4 Bxf4 22. gxf4 f5 23. f3 Rg6+ 24. Kf2 Qb6 25. Rg1 c4+ 26. d4 Rxg1 27. Qxg1+ Kf7 28. Rd1 Qxb2 29. Qf1 Qxc2+ 30. Kg1 Qxa2
31. Ra1 Qd2 32. Qxc4+ Kf6 33. d5 Rg8+ 34. Kf1 Qg2+ 35. Ke1 Qg1+ 36. Kd2 Qxa1 37. Qc3+ Qxc3+ 38. Kxc3 Rg2 39. Kd4 Rxh2 40. Kc5 Rc2+
41. Kd6 a5 42. Kd7 a4 43. d6 a3 44. Ke8 a2 45. d7 Rd2 46. d8=Q+ Rxd8+ 47. Kxd8 a1=Q 48. Kc8 Qa7 49. Kc7 Ke7 50. Kc8 Kd6
51. Kd8 Qb8#
0-1

[Event "Chess Training #001"]
[Site "SchemingMind.com"]
[Date "2010.02.16"]
[Round "-"]
[White "lemmie"]
[Black "Orange Lion"]
[Result "0-1"]
[WhiteCountry "NED"]
[BlackCountry "NED"]
[WhiteElo "1577"]
[WhiteRD "55"]
[BlackElo "2459"]
[BlackRD "80"]
[GameID "239089"]

1. e4 e6 2. Nf3 d5 3. exd5 exd5 4. d4 Nf6 5. Bg5 Bd6 6. Bd3 O-O 7. O-O c6 8. Nc3 Bg4 9. h3 Bh5 10. Be2 Re8
11. Re1 Nbd7 12. a3 Qb6 13. Be3 Rac8 14. Rb1 Qc7 15. b4 Nb6 16. Nd2 Bg6 17. Nf3 Bf5 18. Bd3 Ne4 19. Bxe4 Bxe4 20. Nxe4 dxe4
21. Nd2 f5 22. c4 f4 23. c5 fxe3 24. cxb6 exf2+ 25. Kxf2 Qf7+ 26. Kg1 e3 27. Nf3 axb6 28. Re2 Bf4 29. Qc2 b5 30. Rbe1 Ra8
31. Qd3 Qc4 32. Qb1 Rxa3 33. Kh1 Bg3 34. Nd2 Qf7 35. Rf1 exd2 36. Rxe8+ Qxe8 37. Qb2 Qe1 38. Qb1 Qxb1 39. Rxb1 Re3
0-1